Sports Quiz

Random Sports or NBA Quiz

NBA Career Points by birth year (1960-1979) Quiz Stats

 Plays Quiz not verified by Sporcle

Support Sporcle.
Go Orange.
Score 0/20 Timer 07:00
0 Plays Today
Birth: Player: % Correct
1960Dominique Wilkins (26,668)
95.4%
1963Karl Malone (36,928)
95%
1962Patrick Ewing (24,815)
92%
1978Kobe Bryant (33,643)
92%
1972Shaquille O'Neal (28,596)
91.2%
1976Tim Duncan (26,496)
91.2%
1977Paul Pierce (26,397)
89.7%
1965Reggie Miller (25,279)
89.3%
1968Gary Payton (21,813)
85.9%
1974Steve Nash (17,387)
84%
Birth: Player: % Correct
1979Tracy McGrady (18,381)
83.2%
1973Jason Kidd (17,529)
79.8%
1975Ray Allen (24,505)
79.8%
1967Glen Rice (18,336)
67.9%
1966Clifford Robinson (19,591)
63.4%
1970Latrell Sprewell (16,712)
46.9%
1969Sam Cassell (15,635)
43.1%
1961Terry Cummings (19,460)
41.2%
1964Ron Harper (13,910)
38.5%
1971Allan Houston (14,551)
29.4%

You're not logged in!

Compare scores with friends on all Sporcle quizzes.
OR
Log In

From the Vault

Gingerbread Movies

by CCCP

Movies so good you could eat them.
Remove Ads.
Support Sporcle.
Get the best of Sporcle when you Go Orange. This ad-free experience offers more features, more stats, and more fun while also helping to support Sporcle. Thank you for becoming a member.

Show Comments

Extras

Top Quizzes Today


Score Distribution

Your Account Isn't Verified!

In order to create a playlist on Sporcle, you need to verify the email address you used during registration. Go to your Sporcle Settings to finish the process.

Report this User

Report this user for behavior that violates our Community Guidelines.

Details: